| 000 | 00566nam a2200193Ia 4500 | ||
|---|---|---|---|
| 999 |
_c5699 _d5699 |
||
| 003 | OSt | ||
| 005 | 20200424005950.0 | ||
| 008 | 191128s1984 ck gr 000 0 spa d | ||
| 040 |
_aCO-JMCR _cCO-JMCR |
||
| 041 | 0 | _aspa | |
| 082 | 0 | 4 |
_a324.2861 / _bS192p _223 |
| 100 | 1 |
_aSamper, José María, _eautor _93521 |
|
| 245 | 1 | 0 |
_aLos partidos en Colombia / _cJosé María Samper |
| 250 | _aTercera edición | ||
| 260 |
_aBogotá : _bEditorial incunables, _c1984 |
||
| 300 |
_a148 páginas ; _c20 cm. |
||
| 650 | 1 | 4 |
_aPartidos políticos _zColombia _93522 |
| 942 |
_2ddc _cBK |
||